Statistiken für Länder mit den längsten Küstenlinien

Klicken Sie hier um das Quiz zu spielen!

Allgemein

  • Dieses Quiz wurde 3,733 mal gespielt
  • Das Durchschnittsergebnis liegt bei 16 aus 20

Antwortstatistiken

Kilometer Land % Korrekt
19'924Vereinigte Staaten
99%
202'080Kanada
99%
37'653Russland
99%
25'760Australien
97%
7'491Brasilien
97%
6'435Chile
97%
7'000Indien
93%
14'500China
93%
54'716Indonesien
91%
29'751Japan
90%
25'148Norwegen
89%
9'330Mexiko
88%
15'134Neuseeland
82%
12'429Vereinigtes Königreich
77%
7'600Italien
75%
36'289Philippinen
70%
7'314Dänemark
67%
7'200Türkei
61%
13'676Griechenland
60%
7'368Kroatien
25%

Verteilung der Resultate

Perzentil nach korrekt beantworteten Fragen

Anzahl Personen mit jedem Resultat

Ihre Resultats-Entwicklung

Sie haben dieses Quiz noch nicht gespielt